|
|
|
|
| LEADER |
00299nam a22000977a 4500 |
| 005 |
20160323130513.0 |
| 008 |
110111t xxu||||| |||| 00| 0 eng d |
| 100 |
|
|
|a Jalaja. J. Malayan
|9 9165
|
| 245 |
|
|
|a Electron donating properties of samarium oxide catalyst/
|c by Jalaja. J. Malayan
|
| 942 |
|
|
|c REF
|6 _
|
| 999 |
|
|
|c 159085
|d 159085
|